LDR 01061naa#a2200205#i#450# 001 RU\\bibl\124936 005 20260605044815.5 011 ## _a1019-8946 100 ## _a20260603b2026####ek#y0rusy0150####ca 101 0# _aRUS 102 ## _aRU 200 1# _aРиски подавления молочнокислого процесса, связанные с ингибирующим действием остаточного количества дезинфицирующих веществ _eЖурнальная статья 210 1# _aКемерово _cКемеровский государственный университет _d2026 215 ## _a6 с. 608 ## _aЖурнальная статья _2local 675 ## _aСельское хозяйство. Лесное хозяйство. Охота. Рыбное хозяйство. 63 _zRUS 700 #1 _aСвириденко _gГалина Михайловна 700 #1 _aЗахарова _gМарина Борисовна 700 #1 _aКомарова _gТатьяна Валентиновна 856 4# _ajsocnet.ru _u